000 00642nam a2200253Ia 4500
003 OSt
005 20220912151939.0
006 a|||||r|||| 00| 0
007 ta
008 220909b |||||||| |||| 00| 0 eng d
024 _a64207
037 _cTextual
040 _aCSL
_beng
_cCSL
041 _aeng
082 _aE:1, K6;3 CS
100 _aPryor William A
245 0 _aFree radicals
260 _c1966
300 _ap.
_ccm.
490 _aMcGraw Hill series in advances chemistry
650 _aChemistry
942 _hE:1, K6;3 CS
_cTEXL
_2CC
999 _c77714
_d77714